| 000 | 00939nam a2200229Ii 4500 | ||
|---|---|---|---|
| 003 | JO-AjNU | ||
| 008 | 230605s9999||||xx |||||||||||||| ||und|| | ||
| 017 | _a2009/5565 | ||
| 020 | _a978-9947-24-704-4 | ||
| 040 |
_aJO-AjNU _bara _erda _cJO-AjNU |
||
| 041 | _aara | ||
| 050 | 1 | 4 | _aML420.J285.A3 2009 |
| 100 | 3 |
_aنصار، عصام محرر ومقدم؛ تماري,سليم محرر ومقدم, _eauthor _949942 |
|
| 245 | 0 | 0 | _aالقدس العثمانية في المذكرات الجوهرية =الكتاب الأول من المذكرات الموسيقي واصف الجوهرية 1904-1917 |
| 250 | _a- | ||
| 264 | 3 | 1 | _aالجزائر:وزارة الثقافة ,2010 |
| 300 | _a300ص | ||
| 336 |
_atext _btxt _2rdacontent |
||
| 337 |
_aunmediated _bn _2rdamedia |
||
| 338 |
_avolume _bnc _2rdacarrier |
||
| 650 | 4 |
_aالقدس العثمانية-المسوقيون -تراجم-فلسطين-تاريخ -العثماني _949943 |
|
| 999 |
_aA21968 _c25536 _d25536 |
||